000 00533nam a2200217Ia 4500
003 OSt
005 20221005122233.0
006 a|||||r|||| 00| 0
007 ta
008 221004b |||||||| |||| 00| 0 eng d
024 _a11184
037 _cTextual
040 _aCRL
_cCRL
_beng
041 _2eng
_aeng
082 _aV4:71, L3.2
100 _aGaldieri Eugenio
_9631697
245 0 _aIsfahan Masgid-I guma
260 _c1973
942 _hV4:71, L3.2
_cTEXL
_2cc
999 _c1043705
_d1043705